OPAC Home

ගොඩගේ සදර්ථවාහිනී ඉංග්‍රීසි සිංහල ශබ්ද කෝෂය (Record no. 138091)

MARC details
000 -LEADER
fixed length control field 00594nam a2200169Ia 4500
003 - CONTROL NUMBER IDENTIFIER
control field LK-CoDNM
008 - FIXED-LENGTH DATA ELEMENTS--GENERAL INFORMATION
fixed length control field 010623t xxu||||| |||| 00| 1 eng d
040 ## - CATALOGING SOURCE
Original cataloging agency LK-CoDNM
Modifying agency LK-CoDNM
Description conventions LK-CoDNM
041 ## - LANGUAGE CODE
Language code of text/sound track or separate title English
-- Sinhala; Sinhalese
942 ## - ADDED ENTRY ELEMENTS (KOHA)
Koha item type Books
100 ## - MAIN ENTRY--PERSONAL NAME
Personal name Yapa,Munidasa Senarath.
245 ## - TITLE STATEMENT
Title ගොඩගේ සදර්ථවාහිනී ඉංග්‍රීසි සිංහල ශබ්ද කෝෂය
246 ## - VARYING FORM OF TITLE
Title proper/short title Godage Sadartha Vahini English Sinhala Shabda Kooshaya
260 ## - PUBLICATION, DISTRIBUTION, ETC. (IMPRINT)
Name of publisher, distributor, etc. S.Godage
Place of publication, distribution, etc. Colombo
300 ## - PHYSICAL DESCRIPTION
Other physical details 1455p., 22 100: 955-20-4903-2 cm
650 ## - SUBJECT ADDED ENTRY--TOPICAL TERM
Topical term or geographic name as entry element Sinhala - English Dictionary
Holdings
Withdrawn status Lost status Damaged status Not for loan Collection code Permanent Location Current Location Date acquired Barcode Koha item type
        Monographs Library National Museum Colombo - Sri Lanka Library National Museum Colombo - Sri Lanka 2023-08-02 146166 Books
Copyright © 2023 Department of National Museum, Colombo 07, Sri Lanka Funded by UNESCO IFAP UNESCO